<?xml version="1.0" encoding="UTF-8"?>
<record
    xmlns:xsi="http://www.w3.org/2001/XMLSchema-instance"
    xsi:schemaLocation="http://www.loc.gov/MARC21/slim http://www.loc.gov/standards/marcxml/schema/MARC21slim.xsd"
    xmlns="http://www.loc.gov/MARC21/slim">

  <leader>03100nam0a22005411  4500</leader>
  <controlfield tag="001">RU\NLR\A1\27107</controlfield>
  <controlfield tag="005">20260407103949.0</controlfield>
  <datafield tag="035" ind1=" " ind2=" ">
    <subfield code="a">(NLR Aleph) 009681388</subfield>
  </datafield>
  <datafield tag="090" ind1=" " ind2=" ">
    <subfield code="a">9703639</subfield>
    <subfield code="c">9703639</subfield>
  </datafield>
  <datafield tag="100" ind1=" " ind2=" ">
    <subfield code="a">20000411d1789    m  y0rusy50      ca</subfield>
  </datafield>
  <datafield tag="101" ind1="1" ind2=" ">
    <subfield code="a">rus</subfield>
    <subfield code="c">fre</subfield>
  </datafield>
  <datafield tag="102" ind1=" " ind2=" ">
    <subfield code="a">RU</subfield>
  </datafield>
  <datafield tag="135" ind1=" " ind2=" ">
    <subfield code="a">crcn 024anaba</subfield>
  </datafield>
  <datafield tag="140" ind1=" " ind2=" ">
    <subfield code="a">y   y    fa        yaa0000  </subfield>
  </datafield>
  <datafield tag="200" ind1="1" ind2=" ">
    <subfield code="a">&#x41D;&#x430;&#x441;&#x442;&#x430;&#x432;&#x43B;&#x435;&#x43D;&#x438;&#x435; &#x43E; &#x432;&#x43E;&#x441;&#x43F;&#x438;&#x442;&#x430;&#x43D;&#x438;&#x438; &#x436;&#x438;&#x432;&#x43E;&#x442;&#x43D;&#x44B;&#x445;, &#x441;&#x43B;&#x443;&#x436;&#x430;&#x449;&#x438;&#x445; &#x43A; &#x437;&#x430;&#x431;&#x430;&#x432;&#x435; &#x447;&#x435;&#x43B;&#x43E;&#x432;&#x435;&#x447;&#x435;&#x441;&#x43A;&#x43E;&#x439;, &#x441; &#x43F;&#x43E;&#x43A;&#x430;&#x437;&#x430;&#x43D;&#x438;&#x435;&#x43C;, &#x447;&#x435;&#x43C; &#x438;&#x445; &#x43A;&#x43E;&#x440;&#x43C;&#x438;&#x442;&#x44C;, &#x43F;&#x43E;&#x43B;&#x44C;&#x437;&#x43E;&#x432;&#x430;&#x442;&#x44C; &#x432; &#x438;&#x445; &#x431;&#x43E;&#x43B;&#x435;&#x437;&#x43D;&#x44F;&#x445; &#x438; &#x43A;&#x430;&#x43A;&#x443;&#x44E; &#x43C;&#x43E;&#x436;&#x43D;&#x43E; &#x43F;&#x43E;&#x43B;&#x443;&#x447;&#x430;&#x442;&#x44C; &#x43E;&#x442; &#x43D;&#x438;&#x445; &#x43F;&#x43E;&#x43B;&#x44C;&#x437;&#x443; &#x438; &#x443;&#x432;&#x435;&#x441;&#x435;&#x43B;&#x435;&#x43D;&#x438;&#x435;.</subfield>
    <subfield code="f">&#x41F;&#x435;&#x440;&#x435;&#x432;&#x435;&#x434;&#x435;&#x43D;&#x43E; &#x441; &#x444;&#x440;&#x430;&#x43D;&#x446;&#x443;&#x437;&#x441;&#x43A;&#x430;&#x433;&#x43E; &#x44F;&#x437;&#x44B;&#x43A;&#x430; &#x412;.... &#x41D;....</subfield>
  </datafield>
  <datafield tag="210" ind1=" " ind2=" ">
    <subfield code="a">&#x41C;&#x43E;&#x441;&#x43A;&#x432;&#x430;</subfield>
    <subfield code="c">&#x432; &#x423;&#x43D;&#x438;&#x432;&#x435;&#x440;&#x441;&#x438;&#x442;&#x435;&#x442;&#x441;&#x43A;&#x43E;&#x439; &#x442;&#x438;&#x43F;&#x43E;&#x433;&#x440;&#x430;&#x444;&#x438;&#x438;, &#x443; &#x41D;. &#x41D;&#x43E;&#x432;&#x438;&#x43A;&#x43E;&#x432;&#x430;</subfield>
    <subfield code="d">1789</subfield>
  </datafield>
  <datafield tag="215" ind1=" " ind2=" ">
    <subfield code="a">[4], 167, [1] &#x441;.</subfield>
    <subfield code="d">8&#xB0;</subfield>
  </datafield>
  <datafield tag="305" ind1=" " ind2=" ">
    <subfield code="a">&#x417;&#x430;&#x433;&#x43B;. &#x43E;&#x440;&#x438;&#x433;.: Trait&#x16F;de l'&#xE8;ducation des animaux qui servent d'amusement a l 'homme ... Paris, 1780</subfield>
  </datafield>
  <datafield tag="306" ind1=" " ind2=" ">
    <subfield code="a">&#x426;&#x435;&#x43D;&#x437;.: &#x410;. &#x411;&#x430;&#x440;&#x441;&#x43E;&#x432;</subfield>
  </datafield>
  <datafield tag="316" ind1=" " ind2=" ">
    <subfield code="a">&#x42D;&#x43A;&#x437;. &#x420;&#x41D;&#x411; (18.73.4.55) &#x432; &#x43E;&#x431;&#x43B;. &#x438;&#x437; &#x43C;&#x440;&#x430;&#x43C;&#x43E;&#x440;. &#x431;&#x443;&#x43C;&#x433;&#x438;. &#x41D;&#x430; 1-&#x439; &#x438; 2-&#x439; &#x441;. &#x43E;&#x431;&#x43B;. &#x44F;&#x440;&#x43B;&#x44B;&#x43A;&#x438; &#x441; &#x448;&#x438;&#x444;&#x440;&#x43E;&#x43C; &#x420;&#x41D;&#x411;. &#x41D;&#x430; &#x442;&#x438;&#x442;. &#x43B;., &#x441;.33 &#x438; 167 &#x43A;&#x440;&#x443;&#x433;&#x43B;&#x44B;&#x435; &#x448;&#x442;&#x430;&#x43C;&#x43F;&#x44B; &#x413;&#x41F;&#x411;. &#x41D;&#x430; &#x442;&#x438;&#x442;. &#x43B;. &#x43A;&#x440;&#x443;&#x433;&#x43B;&#x44B;&#x439; &#x448;&#x442;&#x430;&#x43C;&#x43F; &#x418;&#x411; &#x432; &#x432;&#x435;&#x43D;&#x43A;&#x435; &#x441; &#x43A;&#x43E;&#x440;&#x43E;&#x43D;&#x43E;&#x439;. &#x420;&#x430;&#x437;&#x43C;&#x435;&#x440; 17,3&#x445;10&#x445;1,5 &#x441;&#x43C;.</subfield>
    <subfield code="5">NLR: 18.73.4.55</subfield>
  </datafield>
  <datafield tag="321" ind1="1" ind2=" ">
    <subfield code="a">&#x421;&#x41A; XVIII 4478</subfield>
  </datafield>
  <datafield tag="321" ind1="1" ind2=" ">
    <subfield code="a">&#x421;&#x41A; XVIII. &#x414;&#x43E;&#x43F;. &#x421;.113</subfield>
  </datafield>
  <datafield tag="325" ind1=" " ind2=" ">
    <subfield code="a">&#x41A;&#x43E;&#x43F;&#x438;&#x44F; &#x434;&#x43E;&#x441;&#x442;&#x443;&#x43F;&#x43D;&#x430; &#x432; &#x42D;&#x43B;&#x435;&#x43A;&#x442;&#x440;&#x43E;&#x43D;. &#x431;-&#x43A;&#x435; &#x420;&#x41D;&#x411;</subfield>
  </datafield>
  <datafield tag="454" ind1=" " ind2="0">
    <subfield code="1">2001#$aTrait&#x16F;de l'&#xE8;ducation des animaux qui servent d'amusement a l 'homme ...</subfield>
    <subfield code="1">210##$aParis$d1780</subfield>
    <subfield code="t">Trait&#x16F;de l'&#xE8;ducation des animaux qui servent d'amusement a l 'homme ...</subfield>
  </datafield>
  <datafield tag="620" ind1=" " ind2=" ">
    <subfield code="d">&#x41C;&#x43E;&#x441;&#x43A;&#x432;&#x430;</subfield>
  </datafield>
  <datafield tag="700" ind1=" " ind2="1">
    <subfield code="4">070</subfield>
    <subfield code="7">ca</subfield>
    <subfield code="8">rus</subfield>
    <subfield code="a">&#x411;&#x44E;&#x43A;&#x43E;&#x437;</subfield>
    <subfield code="b">&#x41F;. &#x416;.</subfield>
    <subfield code="f">1731-1807</subfield>
    <subfield code="g">&#x41F;&#x44C;&#x435;&#x440; &#x416;&#x43E;&#x437;&#x435;&#x444;</subfield>
    <subfield code="9">211209</subfield>
    <subfield code="3">RU\NLR\AUTH\770211265</subfield>
  </datafield>
  <datafield tag="702" ind1=" " ind2="0">
    <subfield code="a">&#x412;.... &#x41D;....</subfield>
    <subfield code="4">730</subfield>
  </datafield>
  <datafield tag="702" ind1=" " ind2="1">
    <subfield code="4">610</subfield>
    <subfield code="8">rus</subfield>
    <subfield code="7">ca</subfield>
    <subfield code="a">&#x41D;&#x43E;&#x432;&#x438;&#x43A;&#x43E;&#x432;</subfield>
    <subfield code="b">&#x41D;. &#x418;.</subfield>
    <subfield code="c">&#x438;&#x437;&#x434;&#x430;&#x442;&#x435;&#x43B;&#x44C;</subfield>
    <subfield code="f">1744-1818</subfield>
    <subfield code="g">&#x41D;&#x438;&#x43A;&#x43E;&#x43B;&#x430;&#x439; &#x418;&#x432;&#x430;&#x43D;&#x43E;&#x432;&#x438;&#x447;</subfield>
    <subfield code="3">RU\NLR\AUTH\772860</subfield>
    <subfield code="9">112867</subfield>
  </datafield>
  <datafield tag="702" ind1=" " ind2="1">
    <subfield code="4">190</subfield>
    <subfield code="7">ca</subfield>
    <subfield code="8">rus</subfield>
    <subfield code="a">&#x411;&#x430;&#x440;&#x441;&#x43E;&#x432;</subfield>
    <subfield code="b">&#x410;. &#x410;.</subfield>
    <subfield code="f">1730-1791</subfield>
    <subfield code="g">&#x410;&#x43D;&#x442;&#x43E;&#x43D; &#x410;&#x43B;&#x435;&#x43A;&#x441;&#x435;&#x435;&#x432;&#x438;&#x447;</subfield>
    <subfield code="9">158975</subfield>
    <subfield code="3">RU\NLR\AUTH\770159016</subfield>
  </datafield>
  <datafield tag="712" ind1="0" ind2="2">
    <subfield code="4">610</subfield>
    <subfield code="a">&#x41C;&#x43E;&#x441;&#x43A;&#x43E;&#x432;&#x441;&#x43A;&#x438;&#x439; &#x443;&#x43D;&#x438;&#x432;&#x435;&#x440;&#x441;&#x438;&#x442;&#x435;&#x442;</subfield>
    <subfield code="b">&#x422;&#x438;&#x43F;&#x43E;&#x433;&#x440;&#x430;&#x444;&#x438;&#x44F;</subfield>
    <subfield code="3">RU\NLR\AUTH\889932963</subfield>
    <subfield code="9">361140</subfield>
  </datafield>
  <datafield tag="801" ind1=" " ind2="0">
    <subfield code="a">RU</subfield>
    <subfield code="b">NLR</subfield>
    <subfield code="c">20000411</subfield>
  </datafield>
  <datafield tag="852" ind1=" " ind2=" ">
    <subfield code="a">NLR</subfield>
    <subfield code="j">18.73.4.55</subfield>
  </datafield>
  <datafield tag="856" ind1=" " ind2="0">
    <subfield code="u">http://vivaldi.nlr.ru/bx000017489/view</subfield>
  </datafield>
  <datafield tag="856" ind1=" " ind2="1">
    <subfield code="u">http://vivaldi.nlr.ru/bx000017489/cover</subfield>
  </datafield>
  <datafield tag="856" ind1=" " ind2="2">
    <subfield code="u">http://vivaldi.nlr.ru/bx000017489/text</subfield>
  </datafield>
  <datafield tag="899" ind1=" " ind2=" ">
    <subfield code="a">&#x420;&#x413;&#x411;</subfield>
  </datafield>
  <datafield tag="899" ind1=" " ind2=" ">
    <subfield code="a">&#x411;&#x410;&#x41D;</subfield>
  </datafield>
  <datafield tag="899" ind1=" " ind2=" ">
    <subfield code="a">&#x413;&#x41F;&#x418;&#x411;</subfield>
  </datafield>
  <datafield tag="942" ind1=" " ind2=" ">
    <subfield code="c">BOOK</subfield>
  </datafield>
  <datafield tag="980" ind1=" " ind2=" ">
    <subfield code="a">NB</subfield>
  </datafield>
  <datafield tag="980" ind1="3" ind2=" ">
    <subfield code="a">kpcivil</subfield>
  </datafield>
  <datafield tag="980" ind1="3" ind2=" ">
    <subfield code="a">kp</subfield>
  </datafield>
  <datafield tag="980" ind1=" " ind2=" ">
    <subfield code="a">A1XVIIIv</subfield>
  </datafield>
  <datafield tag="981" ind1="2" ind2="0">
    <subfield code="a">(20) &#x41A;&#x43D;&#x438;&#x436;&#x43D;&#x44B;&#x435; &#x43F;&#x430;&#x43C;&#x44F;&#x442;&#x43D;&#x438;&#x43A;&#x438; &#x420;&#x41D;&#x411;</subfield>
    <subfield code="b">(20) &#x420;&#x443;&#x441;&#x441;&#x43A;&#x438;&#x439; &#x43A;&#x43D;&#x438;&#x436;&#x43D;&#x44B;&#x439; &#x444;&#x43E;&#x43D;&#x434;</subfield>
  </datafield>
  <datafield tag="995" ind1=" " ind2=" ">
    <subfield code="5">2016-05-13</subfield>
    <subfield code="b">NLR02</subfield>
    <subfield code="c">NLR02</subfield>
    <subfield code="e">RFS</subfield>
    <subfield code="f">9681388-10</subfield>
    <subfield code="k">18.73.4.55</subfield>
    <subfield code="o">0</subfield>
    <subfield code="r">BOOK</subfield>
    <subfield code="s">1873455_</subfield>
  </datafield>
</record>
